| 000 | 01251cam a22003854a 4500 | ||
|---|---|---|---|
| 001 | 1892 | ||
| 003 | FISKH | ||
| 005 | 20231009085604.0 | ||
| 008 | 020129s2002 ctua b b 001 0 eng | ||
| 010 | _a 2002001412 | ||
| 020 | _a9780516240275 | ||
| 020 | _a0516240277 | ||
| 040 |
_aDLC _cDLC _dDLC _beng |
||
| 042 |
_apcc _alcac |
||
| 050 | 0 | 0 |
_aTJ181.5 _b.D68 2002 |
| 082 | 0 | 0 |
_a621.8/11 _221 |
| 100 | 1 | _aDouglas, Lloyd G. | |
| 245 | 1 | 0 |
_aWhat is a wheel and axle? / _cby Lloyd G. Douglas. |
| 260 |
_aDanbury, Conn. : _bScholastic, _c2002. |
||
| 300 |
_a24 pages : _bcolor illustrations ; _c16 × 18 cm. |
||
| 490 | 1 | _aSimple machines | |
| 500 | _a | ||
| 505 | _aG | ||
| 520 | _aIntroduces the wheel and axle as a simple machine that can make it easier to move heavy objects, as well as to flatten dough. | ||
| 521 | 8 |
_a390
_bLexile |
|
| 521 | 8 |
_aG
_bRaz-Plus |
|
| 650 | 0 |
_aWheels _vJuvenile literature. |
|
| 650 | 0 |
_aAxles _vJuvenile literature. |
|
| 650 | 1 | _aWheels. | |
| 650 | 1 | _aAxles. | |
| 800 | 1 |
_aDouglas, Lloyd G. _tSimple machines. |
|
| 906 |
_a7 _bcbc _corignew _d1 _eecip _f20 _gy-gencatlg |
||
| 942 |
_2ddc _cBK _n0 |
||
| 999 |
_c1892 _d1892 |
||